Evaluation of economic condition of assignees of ceiling land: Haryana, Karnataka and West Bengal (Record no. 492355)

000 -LEADER
fixed length control field 00490cam a22001337a 4500
008 - FIXED-LENGTH DATA ELEMENTS--GENERAL INFORMATION
fixed length control field 180718b1988 xxu||||| |||| 00| 0 eng d
082 ## - DEWEY DECIMAL CLASSIFICATION NUMBER
Classification number Y15x54331 In2
100 ## - MAIN ENTRY--PERSONAL NAME
Personal name Mishra, S.N.
245 ## - TITLE STATEMENT
Title Evaluation of economic condition of assignees of ceiling land: Haryana, Karnataka and West Bengal
Statement of responsibility, etc. by S.N. Mishra...[et.al]
260 ## - PUBLICATION, DISTRIBUTION, ETC.
Place of publication, distribution, etc. Delhi
Name of publisher, distributor, etc. Indian Institute of Public Administration
Date of publication, distribution, etc. 1988
300 ## - PHYSICAL DESCRIPTION
Extent 292+p.
440 ## - SERIES STATEMENT/ADDED ENTRY--TITLE
Title IIPA Working Paper, 1988: 1
650 ## - SUBJECT ADDED ENTRY--TOPICAL TERM
Topical term or geographic name entry element India - Economic conditions
Holdings
Withdrawn status Lost status Damaged status Not for loan Permanent Location Current Location Date acquired Full call number Barcode Date last seen Price effective from Koha item type
        Indian Institute of Public Administration Indian Institute of Public Administration 2018-08-04 Y15x54331 In2 GR16215 2018-08-04 2018-08-04 GR
        Indian Institute of Public Administration Indian Institute of Public Administration 2018-08-04 Y15x54331 In2 GR12329 2018-08-04 2018-08-04 GR
        Indian Institute of Public Administration Indian Institute of Public Administration 2018-08-04 Y15x54331 In2 GR12328 2018-08-04 2018-08-04 GR
        Indian Institute of Public Administration Indian Institute of Public Administration 2018-08-04 Y15x54331 In2 GR12327 2018-08-04 2018-08-04 GR

Powered by Koha